<?xml version="1.0" encoding="UTF-8"?><?xml-stylesheet type="text/xsl" href="static/style.xsl"?><OAI-PMH xmlns="http://www.openarchives.org/OAI/2.0/" xmlns:xsi="http://www.w3.org/2001/XMLSchema-instance" xsi:schemaLocation="http://www.openarchives.org/OAI/2.0/ http://www.openarchives.org/OAI/2.0/OAI-PMH.xsd"><responseDate>2026-04-17T05:36:24Z</responseDate><request verb="GetRecord" identifier="oai:www.recercat.cat:2072/384895" metadataPrefix="marc">https://recercat.cat/oai/request</request><GetRecord><record><header><identifier>oai:recercat.cat:2072/384895</identifier><datestamp>2026-02-16T01:52:15Z</datestamp><setSpec>com_2072_98</setSpec><setSpec>col_2072_378192</setSpec></header><metadata><record xmlns="http://www.loc.gov/MARC21/slim" xmlns:dcterms="http://purl.org/dc/terms/" xmlns:xsi="http://www.w3.org/2001/XMLSchema-instance" xmlns:doc="http://www.lyncode.com/xoai" xsi:schemaLocation="http://www.loc.gov/MARC21/slim http://www.loc.gov/standards/marcxml/schema/MARC21slim.xsd">
   <leader>00925njm 22002777a 4500</leader>
   <datafield ind2=" " ind1=" " tag="042">
      <subfield code="a">dc</subfield>
   </datafield>
   <datafield ind2=" " ind1=" " tag="720">
      <subfield code="a">Rodríguez Bravo, Ángel</subfield>
      <subfield code="e">author</subfield>
   </datafield>
   <datafield ind2=" " ind1=" " tag="260">
      <subfield code="c">1995</subfield>
   </datafield>
   <datafield ind2=" " ind1=" " tag="520">
      <subfield code="a">Este artículo pretende desarrollar un nuevo modelo teórico en torno al ritmo visual que propone la cantidad de superficie en movimiento sobre la pantalla como estímulo perceptivo fundamental. El nuevo modelo resta importancia al efecto rítmico de la duración de los planos. La propuesta está contrastada con el análisis minucioso de seis capítulos de teleseries de ficción. Se estudiaron tres capítulos de la telenovela venezolana La loba herida y tres del telefilme americano Knots Landing (California). El estudio se ha realizado midiendo la duración de todos los planos de los seis capítulos y calculando la cantidad de movimiento en pantalla de un fragmento de dos minutos de cada uno de los seis capítulos. (Autor).</subfield>
   </datafield>
   <datafield ind2=" " ind1=" " tag="520">
      <subfield code="a">The aim of this article is to develop a new theoretical model concerning visual pace which proposes that the amount of screen in motion is the main perceptual stimulus. The new model attaches less importance ro the rhythmic effect of the duration of frarnes. This proposal is closely examined by means of a detailed analysis of six episodes of television drama series.The study included three episodes of the Venezuelan TV serial «La loba herida» and three episodes of the American series «Knors Landingn (Calzjornia). The duration of all the frames of each of the six episodes was measured and the amount of on-screen movement in a two-rninute fragment from each of the episodes was calculated. (Author).</subfield>
   </datafield>
   <datafield tag="653" ind2=" " ind1=" ">
      <subfield code="a">Ritme</subfield>
   </datafield>
   <datafield tag="653" ind2=" " ind1=" ">
      <subfield code="a">Imatge</subfield>
   </datafield>
   <datafield tag="653" ind2=" " ind1=" ">
      <subfield code="a">Comunicació audiovisual</subfield>
   </datafield>
   <datafield tag="653" ind2=" " ind1=" ">
      <subfield code="a">Ritmo</subfield>
   </datafield>
   <datafield tag="653" ind2=" " ind1=" ">
      <subfield code="a">Imagen</subfield>
   </datafield>
   <datafield tag="653" ind2=" " ind1=" ">
      <subfield code="a">Comunicación audiovisual</subfield>
   </datafield>
   <datafield tag="653" ind2=" " ind1=" ">
      <subfield code="a">Pace</subfield>
   </datafield>
   <datafield tag="653" ind2=" " ind1=" ">
      <subfield code="a">Image</subfield>
   </datafield>
   <datafield tag="653" ind2=" " ind1=" ">
      <subfield code="a">Audio-visual communication</subfield>
   </datafield>
   <datafield ind2="0" ind1="0" tag="245">
      <subfield code="a">Una nueva propuesta metodológica en torno al ritmo visual : aplicación del método de análisis instrumental al ritmo visual de una telenovela y un telefilme norteamericano</subfield>
   </datafield>
</record></metadata></record></GetRecord></OAI-PMH>